00432nam a2200109Ia 4500008004100000020001800041100006700059245010800126260002700234650001200261856004900273171212s9999 xx 000 0 und d a9780833092496 aHarold, Scott Warren;Libicki, Martin C.;Cevallos, Astrid Stuth cHarold, Scott Warren;Libicki, Martin C.;Cevallos, Astrid StuthaGetting to Yes with China in Cyberspace bRAND Corporationc2016 aHistory uhttp://jstor.org/stable/10.7249/j.ctt1cx3vfr